| 000 | 00000nas 2200000za 4500 |
| 001 | 9.503738 |
| 003 | CaOODSP |
| 005 | 20200325093846 |
| 007 | cr ||||||||||| |
| 008 | 150406d19951996xxc|| p o||||f| |0fre|d |
| 022 | |a1486-9721 |
| 040 | |aCaOODSP|bfre |
| 043 | |an-cn--- |
| 086 | 1 |aBT1-9F-pdf |
| 110 | 1 |aCanada. |bConseil du trésor. |
| 245 | 10|aL'équité en emploi dans la fonction publique, rapport annuel / |h[ressource électronique]|c[Publié par le] Président du Conseil du Trésor. |
| 260 | |aOttawa - Ontario : |bSecrétariat du Conseil du Trésor du Canada |
| 310 | |aAnnuel |
| 362 | 1 |a1994/1995-1995/1996 |
| 691 | 07|aÉquité en matière d'emploi|2gcpds |
| 691 | 07|aFonction publique|2gcpds |
| 775 | 08|tEmployment equity in the public service, annual report / |w(CaOODSP)9.507348 |